| Tag |
First Indicator |
Second Indicator |
Subfields |
| LEADER |
00000cam a2200000 a 4500 |
| 001 |
in00000960310 |
| 005 |
20150927072810.0 |
| 007 |
hd afv|||baca |
| 008 |
850605s1693 miuc a 00000 eng d |
| 035 |
|
|
|a (OCoLC)12121773
|
| 035 |
|
|
|9 AEV2156AM
|
| 037 |
|
|
|a CL0037000003
|b UMI
|
| 037 |
|
|
|b University Microfilms International, 300 N. Zeeb Rd., Ann Arbor, MI 48106
|
| 040 |
|
|
|a EAA
|c EAA
|d m/c
|d UtOrBLW
|
| 041 |
1 |
|
|a eng
|h fre
|
| 043 |
|
|
|a e-fr---
|
| 045 |
2 |
|
|b d1621
|b d1686
|
| 049 |
|
|
|a TXAI
|
| 099 |
|
|
|a film
|a B
|a 3609
|
| 100 |
1 |
|
|a Coste, Pierre,
|d 1668-1747.
|
| 240 |
1 |
0 |
|a Histoire de Louis II de Bourbon, prince de Condé.
|l English
|
| 245 |
1 |
4 |
|a The life of Lewis of Bourbon, late prince of Conde :
|b digested into annals, with many curious remarks on the transactions of Europe for these last sixty years /
|c done out of French.
|
| 264 |
|
3 |
|a London :
|b Printed for Tim. Goodwin ...,
|c 1693.
|
| 300 |
|
|
|a 2 volumes :
|b portrait
|
| 336 |
|
|
|a text
|b txt
|2 rdacontent
|
| 337 |
|
|
|a microform
|b h
|2 rdamedia
|
| 338 |
|
|
|a microfilm reel
|b hd
|2 rdacarrier
|
| 500 |
|
|
|a Translation of: Histoire de Louis II de Bourbon, prince de Condé.
|
| 500 |
|
|
|a Volume 2 has no title page.
|
| 500 |
|
|
|a Written by Pierre Coste. Cf. BM.
|
| 500 |
|
|
|a The dedicatory epistle is signed by the translator: N. Tate.
|
| 500 |
|
|
|a The third French edition appeared under the author's name. Cf. Barbier Quérard.
|
| 500 |
|
|
|a Reproduction of original in British Library.
|
| 510 |
4 |
|
|a Wing
|c C6366
|
| 510 |
4 |
|
|a Arber's Term cat.
|c II 452
|
| 533 |
|
|
|a Microfilm.
|b Ann Arbor, Mich. :
|c University Microfilms,
|d 1963.
|e 1 microfilm reel ; 35 mm.
|f (Early English books, 1641-1700 ; 89:6)
|
| 500 |
|
|
|a Microform.
|
| 600 |
1 |
0 |
|a Condé, Louis,
|c prince de,
|d 1621-1686.
|
| 651 |
|
0 |
|a France
|x History
|y Bourbons, 1589-1789.
|
| 700 |
1 |
|
|a Tate, Nahum,
|d 1652-1715.
|
| 830 |
|
0 |
|a Early English books, 1641-1700 ;
|v 89:6.
|
| 999 |
|
|
|a MARS
|
| 999 |
f |
f |
|s 38eeaece-8791-37a5-b823-48bd69e5d239
|i 7b5fdc41-2818-3e0d-ae1c-2cf552491d9e
|t 0
|
| 952 |
f |
f |
|p default
|a Texas A&M University
|b College Station
|c Sterling C. Evans Library
|d Evans: Microforms (3rd floor)
|t 0
|e film B 3609 89:6
|h Other scheme
|i microform -- microfilm reel
|
| 998 |
f |
f |
|a film B 3609 89:6
|t 0
|l Evans: Microforms (3rd floor)
|